000 00429nam a22001817a 4500
003 MPLRDC
005 20220104163851.0
008 210129b ||||| |||| 00| 0 eng d
020 _a1-85326-016-9
082 _a873.35 AUS-3
100 _aJANE AUSTEN
245 _aSENSE AND SENSIBILITY
_c
250 _a重印
260 _a
_bWORDSWORTH CLASSICS
_c1992
300 _b
650 _aFICTION
942 _cBK
_o873.35 AUS-3
999 _c56684
_d56674